00953 a2200181 4500003000500000005001700005020002200022040000900044082001200053100002300065245007800088250001200166260003200178300000900210505050800219538001100727650003300738Nust20170207164336.0 a978-0-07-338066-7 cNust a530.141 aHayt, William Hart aEngineering electromagnetics (E BOOK)cWilliam H. Hayt, Jr., John A. Buck a8th ed. aNew YorkbMcGraw-Hillc2012 a614p a1 Vector Analysis 1 2 Coulomb’s Law and Electric Field Intensity 26 3 Electric Flux Density, Gauss’s Law, and Divergence 48 4 Energy and Potential 75 5 Conductors and Dielectrics 109 6 Capacitance 143 7 The Steady Magnetic Field 180 8 Magnetic Forces, Materials, and Inductance 230 9 Time-Varying Fields and Maxwell’s Equations 277 10 Transmission Lines 301 11 The Uniform Plane Wave 367 12 Plane Wave Reflection and Dispersion 406 13 Guided Waves 453 14 Electromagnetic Radiation and Antennas 511 aE Book aEngineering Electromagnetics